Task before apps: (Record no. 364701)
[ view plain ]
| 000 -LEADER | |
|---|---|
| fixed length control field | 00688nam a22002057a 4500 |
| 003 - CONTROL NUMBER IDENTIFIER | |
| control field | 1 |
| 005 - DATE AND TIME OF LATEST TRANSACTION | |
| control field | 20220302133939.0 |
| 008 - FIXED-LENGTH DATA ELEMENTS--GENERAL INFORMATION | |
| fixed length control field | 220302b xxu||||| |||| 00| 0 eng d |
| 022 ## - INTERNATIONAL STANDARD SERIAL NUMBER | |
| Source | 978-1-4166-2466-0 |
| 050 ## - LIBRARY OF CONGRESS CALL NUMBER | |
| Classification number | LB1028.5 |
| Item number | .B8745 2017 |
| 100 ## - MAIN ENTRY--PERSONAL NAME | |
| Personal name | Burns, Monica. |
| Dates associated with a name | 1986. |
| 245 ## - TITLE STATEMENT | |
| Title | Task before apps: |
| Remainder of title | designing rigorous learning in a tech-rich classroom/ |
| Statement of responsibility, etc | Monica Burns. |
| 260 ## - PUBLICATION, DISTRIBUTION, ETC. (IMPRINT) | |
| Place of publication, distribution, etc | Alexandria, Virginia, USA.: |
| Name of publisher, distributor, etc | ASCD. |
| Date of publication, distribution, etc | c2017 |
| 300 ## - PHYSICAL DESCRIPTION | |
| Extent | 112 pp. |
| Dimensions | 23 cm. |
| Accompanying material | Includes bibliographical references and index. |
| 500 ## - GENERAL NOTE | |
| General note | Computer-assisted instruction. |
| 500 ## - GENERAL NOTE | |
| General note | Educational technology. |
| 500 ## - GENERAL NOTE | |
| General note | Internet in education. |
| 500 ## - GENERAL NOTE | |
| General note | Lesson planning. |
| 942 ## - ADDED ENTRY ELEMENTS (KOHA) | |
| Source of classification or shelving scheme | Library of Congress Classification |
| Koha item type | Books |
| Withdrawn status | Lost status | Source of classification or shelving scheme | Damaged status | Home library | Current library | Shelving location | Date acquired | Source of acquisition | Sub Shelving location | Total Checkouts | Full call number | Barcode | Date last seen | Price effective from | Koha item type |
|---|---|---|---|---|---|---|---|---|---|---|---|---|---|---|---|
| Library of Congress Classification | Luxembourg Library | Luxembourg Library | Genevive Ledesma - Tan Section | 03/02/2022 | Donation | LB1028.5 .B8745 2017 | 20999 | 03/02/2022 | 03/02/2022 | Books |